04520 2201741 4500001002100000005001500021035002500036007000300061008004100064020002200105040001700127041000800144082001600152084001800168090002200186090002200208090002100230100003400251245006200285250002600347260003600373300004200409504003400451650003700485850001200522999002200534990001800556990001800574990001800592990001800610990001800628990001800646990001800664990001800682990001800700990002200718990001800740990001800758990001800776990001800794990001800812990001800830990001800848990001800866990001800884990001800902990001800920990002200938990001800960990001800978990001800996990001801014990001801032990001801050990001801068990001801086990001801104990002201122990001801144990001801162990001801180990001801198990001801216990001801234990001801252990001801270990001801288990001801306990002201324990001801346990001801364990001801382990001801400990001801418990001801436990001801454990001801472990001801490990001801508990002201526990001801548990001801566990001801584990001801602990001801620990001801638990001801656990001801674990001801692990001801710990002201728990001801750990001801768990001801786990001801804990001801822990001801840990001801858990001801876990001801894990001801912990002201930990001801952990001801970990001801988990001802006990001802024990001802042990001802060990001802078990001802096990001802114990002202132990001802154990001802172990001802190990001802208990001802226990001802244990001802262990001802280990001802298990001802316990002202334990001802356990001802374990001802392990001802410990001802428990001802446990001802464990001802482990001802500990001802518990002202536990001802558990001802576990001802594990001802612990001802630990001802648990001802666990001802684990001802702990001802720990002202738990001802760INLIS00000000000498120200608081120 a0010-051500000000114ta150505s2014 yoia g f 0 ind d a978-602-7869-37-0 aYOPDYOGbind0 aind04223a615.321 a615.321 DIN a aDEP 615.321 DIN a aCB-D.11 2014-2506 aPK 615.321 DIN a0 aDini Nuris NurainiePengarang1 aAneka manfaat bunga untuk kesehatan /cDini Nuris Nuraini aCetakan pertama, 20143 aYogyakarta :bGava Media,c2014 aix, 240 halaman :bilustrasi ;c23 cm aBibliografi: halaman 235 -240 4aBunga--xPenggunaan dalam Terapi aYOPDYOG aCB-D.11/2014-2506 a12417-PD/B.15 a12418-PD/B.15 a12419-PD/B.15 a12420-PD/B.15 a12421-PD/B.15 a12422-PD/B.15 a13638-PD/B.15 a13639-PD/B.15 a13640-PD/B.15 aCB-D.11/2014-2506 a56349-PD/A.17 a56349-PD/A.17 a12417-PD/B.15 a12418-PD/B.15 a12419-PD/B.15 a12420-PD/B.15 a12421-PD/B.15 a12422-PD/B.15 a13638-PD/B.15 a13639-PD/B.15 a13640-PD/B.15 aCB-D.11/2014-2506 a13640-PD/B.15 a12417-PD/B.15 a12418-PD/B.15 a12419-PD/B.15 a12420-PD/B.15 a12421-PD/B.15 a12422-PD/B.15 a13638-PD/B.15 a13639-PD/B.15 aCB-D.11/2014-2506 a56349-PD/A.17 a13639-PD/B.15 a12417-PD/B.15 a12418-PD/B.15 a12419-PD/B.15 a12420-PD/B.15 a12421-PD/B.15 a12422-PD/B.15 a13638-PD/B.15 a13640-PD/B.15 aCB-D.11/2014-2506 a56349-PD/A.17 a13638-PD/B.15 a12417-PD/B.15 a12418-PD/B.15 a12419-PD/B.15 a12420-PD/B.15 a12421-PD/B.15 a12422-PD/B.15 a13639-PD/B.15 a13640-PD/B.15 aCB-D.11/2014-2506 a56349-PD/A.17 a12422-PD/B.15 a12417-PD/B.15 a12418-PD/B.15 a12419-PD/B.15 a12420-PD/B.15 a12421-PD/B.15 a13638-PD/B.15 a13639-PD/B.15 a13640-PD/B.15 aCB-D.11/2014-2506 a56349-PD/A.17 a12417-PD/B.15 a12418-PD/B.15 a12419-PD/B.15 a12420-PD/B.15 a12421-PD/B.15 a12422-PD/B.15 a13638-PD/B.15 a13639-PD/B.15 a13640-PD/B.15 aCB-D.11/2014-2506 a56349-PD/A.17 a12418-PD/B.15 a12417-PD/B.15 a12419-PD/B.15 a12420-PD/B.15 a12421-PD/B.15 a12422-PD/B.15 a13638-PD/B.15 a13639-PD/B.15 a13640-PD/B.15 aCB-D.11/2014-2506 a56349-PD/A.17 a12419-PD/B.15 a12417-PD/B.15 a12418-PD/B.15 a12420-PD/B.15 a12421-PD/B.15 a12422-PD/B.15 a13638-PD/B.15 a13639-PD/B.15 a13640-PD/B.15 aCB-D.11/2014-2506 a56349-PD/A.17 a12421-PD/B.15 a12417-PD/B.15 a12418-PD/B.15 a12419-PD/B.15 a12420-PD/B.15 a12422-PD/B.15 a13638-PD/B.15 a13639-PD/B.15 a13640-PD/B.15 aCB-D.11/2014-2506 a56349-PD/A.17 a12420-PD/B.15 a12417-PD/B.15 a12418-PD/B.15 a12419-PD/B.15 a12421-PD/B.15 a12422-PD/B.15 a13638-PD/B.15 a13639-PD/B.15 a13640-PD/B.15 aCB-D.11/2014-2506 a56349-PD/A.17